| LEADER 01174nam 2200277 a 4500 |
| 001 13399123424 |
| 003 ULIBM |
| 008 030417s2549 th a sb 001 0 tha |
| 099 ^aว ผม.มธ. 23 2549 |
| 100 0 ^aพสิษฐ์ นิติวรคุณาพันธุ์ |
| 245 10 ^aแนวทางการพัฒนาพื้นที่ใต้ทางพิเศษเพื่อสาธารณะประโยชน์โดยการมีส่วนร่วมของชุมชน :^bกรณีศึกษา ชุมชนบ้านครัวและชุมชนวัดพระยายัง /^cพสิษฐ์ นิติวรคุณาพันธุ์. |
| 246 ^aDevelopment guidelines for the public space under elevated transportation network by people participation: case study of Baan Khrua and Wat Phayayung communities /^cPasit Nitivorakunapan. |
| 260 ^aกรุงเทพฯ :^bมหาวิทยาลัยธรรมศาสตร์,^c2549. |
| 300 ^aA-I, 128 แผ่น. |
| 502 ^aวิทยานิพนธ์ การผังเมืองบัณฑิต, 2549. |
| 650 4 ^aพื้นที่ใต้ทางด่วน |
| 650 4 ^aพื้นที่ใต้ทางพิเศษ^xกฎหมาย |
| 650 0 ^aการจัดการชุมชน |
| 710 0 ^aนิพันธ์ วิเชียรน้อย, ^eอาจารย์ที่ปรึกษา. |
| 856 ^uhttps://digital.library.tu.ac.th/tu_dc/frontend/Info/item/dc:339044 ^zเอกสารฉบับเต็ม (ดูรายบทคลิกที่ Bookmarks) |
| 913 ^aImported by ULIBM Administrator |
| 949 ^aImport form external file by ULIBM system |